|
|
|
|
| LEADER |
01072nam a22002537a 4500 |
| 001 |
29281 |
| 003 |
BD-DhAAL |
| 005 |
20220612144226.0 |
| 007 |
9787561914793 |
| 008 |
150526s2009 xxu||||| |||| 00| 0 eng d |
| 999 |
|
|
|c 34528
|d 34528
|
| 020 |
|
|
|a 9787561914793
|
| 040 |
|
|
|a BD-DhAAL
|c BD-DhAAL
|
| 082 |
|
|
|2 22
|a 495.1/83421
|
| 100 |
|
|
|a Miao, Qiang
|9 11448
|
| 245 |
|
|
|a 长城汉语 : 生存交际课本 = Great Wall Chinese :
|b essentials in communication textbook. 1 /
|c [中文编辑苗强 ; 英文编辑梁骁]. 苗强. 梁骁. ;Qiang Miao; Xiao Liang
|
| 260 |
|
|
|a Beijing Shi :
|b Beijing yu yan da xue chu ban she,
|c 2006
|
| 300 |
|
|
|a 74 p. :
|b col. ill. ;
|c 29 cm.
|
| 541 |
|
|
|e 29281
|
| 650 |
|
|
|a Chinese language
|v English.
|x Conversation and phrase books
|9 11447
|
| 700 |
|
|
|a Liang, Xiao
|9 11449
|
| 852 |
|
|
|a BRAC Institute of Language (BIL)
|c General Stacks
|
| 942 |
|
|
|2 ddc
|c BK
|
| 952 |
|
|
|0 0
|1 0
|2 ddc
|4 0
|6 495_183421000000000_MIA
|7 0
|9 53912
|a BRACUL
|b BRACUL
|c GEN
|d 2015-05-26
|e BRAC Institute of Language (BIL)
|l 0
|o 495.183421 MIA
|p 3010029281
|r 2015-05-26
|t 1
|w 2015-05-26
|y BK
|